Tạp chí Dược học Số 496
Trong số này có các bài nghiên cứu về: Tổng quan về receptor của GLP-1 - Đích tiềm năng trong phát triển thuốc điều trị đái tháo đường typ; Thiết kế tối ưu công thức viên nén glipizid giải phóng kéo dài; Nghiên cứu một số yếu tố ảnh hưo...
Sparad:
| Materialtyp: | Bok |
|---|---|
| Språk: | Vietnamese |
| Publicerad: |
Hà Nội
Bộ Y tế
2017
|
| Ämnen: | |
| Taggar: |
Lägg till en tagg
Inga taggar, Lägg till första taggen!
|
| Thư viện lưu trữ: | Thư viện Trường Đại học Nam Cần Thơ |
|---|
| LEADER | 01317nam a2200229 4500 | ||
|---|---|---|---|
| 001 | NCT_125987 | ||
| 008 | 170928b xxu||||| |||| 00| 0 vie d | ||
| 999 | |c 6453 |d 6453 | ||
| 022 | |a 0866-7861 | ||
| 082 | 0 | 4 | |2 23rd ed. |a 615 |b T109C |
| 245 | 1 | 0 | |a Tạp chí Dược học |n Số 496 |c Bộ Y tế |
| 260 | |a Hà Nội |b Bộ Y tế |c 2017 | ||
| 300 | |c 27cm | ||
| 310 | |a Tháng 1 kỳ | ||
| 362 | |a 08/2017 | ||
| 500 | |a Từ 1962-1973 tên: Tập san Dược học. Từ 1974 đến nay tên: Tạp chí Dược học | ||
| 520 | 3 | |a Trong số này có các bài nghiên cứu về: Tổng quan về receptor của GLP-1 - Đích tiềm năng trong phát triển thuốc điều trị đái tháo đường typ; Thiết kế tối ưu công thức viên nén glipizid giải phóng kéo dài; Nghiên cứu một số yếu tố ảnh hưởng đến khả năng thấm thuốc qua giác mạc từ gel tra mắt chứa piroxicam nano;.... | |
| 653 | |a Dược học | ||
| 655 | |a Tạp chí | ||
| 942 | |2 ddc |c CR | ||
| 952 | |0 0 |1 0 |2 ddc |4 0 |6 615_000000000000000_T109C |7 0 |9 24104 |a 000001 |b 000001 |d 2022-05-17 |o 615 T109C |r 2022-05-17 |w 2022-05-17 |y CR | ||
| 980 | |a Thư viện Trường Đại học Nam Cần Thơ | ||